<?xml version="1.0" encoding="UTF-8"?>
<record
    xmlns:xsi="http://www.w3.org/2001/XMLSchema-instance"
    xsi:schemaLocation="http://www.loc.gov/MARC21/slim http://www.loc.gov/standards/marcxml/schema/MARC21slim.xsd"
    xmlns="http://www.loc.gov/MARC21/slim">

  <leader>02506nam a2200409 i 4500</leader>
  <controlfield tag="001">000000217494</controlfield>
  <controlfield tag="003">IT-MiSPE</controlfield>
  <controlfield tag="005">20251022131950.0</controlfield>
  <controlfield tag="008">031003s1985    xx            000 b ita c</controlfield>
  <datafield tag="020" ind1=" " ind2=" ">
    <subfield code="a">9788842555070</subfield>
    <subfield code="c">22,00 &#x20AC;</subfield>
  </datafield>
  <datafield tag="040" ind1=" " ind2=" ">
    <subfield code="a">IT-MiSPE</subfield>
    <subfield code="b">ita</subfield>
    <subfield code="c">IT-MiSPE</subfield>
  </datafield>
  <datafield tag="041" ind1=" " ind2=" ">
    <subfield code="a">ita</subfield>
    <subfield code="h">ger</subfield>
  </datafield>
  <datafield tag="082" ind1=" " ind2=" ">
    <subfield code="a">193-HEI ma sa (ppv 23419)</subfield>
  </datafield>
  <datafield tag="100" ind1="1" ind2=" ">
    <subfield code="a">Heidegger, Martin,</subfield>
    <subfield code="d">1889-1976.</subfield>
    <subfield code="e">autore</subfield>
    <subfield code="9">57150</subfield>
  </datafield>
  <datafield tag="240" ind1="1" ind2="0">
    <subfield code="a">Vortr&#xE4;ge und Aufs&#xE4;tze</subfield>
    <subfield code="l">ger</subfield>
  </datafield>
  <datafield tag="245" ind1="1" ind2="0">
    <subfield code="a">Saggi e discorsi /</subfield>
    <subfield code="c">Martin Heidegger ; a cura di Gianni Vattimo.</subfield>
  </datafield>
  <datafield tag="260" ind1=" " ind2=" ">
    <subfield code="a">[Milano] :</subfield>
    <subfield code="b">Mursia,</subfield>
    <subfield code="c">[1976] 2019 (4a ed.)</subfield>
  </datafield>
  <datafield tag="300" ind1=" " ind2=" ">
    <subfield code="a">18-194 p. ;</subfield>
    <subfield code="c">22,5 cm</subfield>
  </datafield>
  <datafield tag="490" ind1="1" ind2=" ">
    <subfield code="a">Biblioteca di filosofia: testi ;</subfield>
    <subfield code="v">009</subfield>
  </datafield>
  <datafield tag="500" ind1=" " ind2=" ">
    <subfield code="a">Tit. orig.: Vortr&#xE4;ge und Aufs&#xE4;tze</subfield>
  </datafield>
  <datafield tag="520" ind1=" " ind2=" ">
    <subfield code="a">I saggi e discorsi riuniti in questo volume, uscito in edizione originale nel 1954, sono stati tutti (salvo uno) composti intorno al 1950, cio&#xE8; nel periodo in cui si andava diffondendo nella filosofia europea la discussione intorno al significato della cosiddetta &#xAB;svolta&#xBB; del pensiero heideggeriano annunciata clamorosamente dalla Lettera sull&#x2019;umanismo nel 1946. I Saggi e discorsi, pi&#xF9; di altri scritti heideggeriani, rappresentano un primo sforzo per articolare in maniera positiva le indicazioni contenute nello scritto sull&#x2019;umanismo, e offrono perci&#xF2; un punto di vista privilegiato per cogliere l&#x2019;immagine dell&#x2019;uomo e del compito del pensiero quale Heidegger la pensa in un momento decisivo del suo itinerario filosofico. Il problema che si delineava gi&#xE0; in Essere e tempo, e che poi diventa dominante nella maturazione degli anni Trenta, &#xE8; per Heidegger quello di realizzare un pensiero che non sia pi&#xF9; &#xAB;metafisico&#xBB;, cio&#xE8; che cominci, almeno, a sottrarsi a quell&#x2019;oblio dell&#x2019;essere che ha dominato la tradizione del pensiero occidentale da Platone a Nietzsche.</subfield>
  </datafield>
  <datafield tag="546" ind1=" " ind2=" ">
    <subfield code="a">Traduzione dal tedesco di Gianni Vattimo</subfield>
  </datafield>
  <datafield tag="655" ind1="0" ind2="7">
    <subfield code="a">Filosofi di lingua tedesca posteriori al 1920</subfield>
    <subfield code="x">Heidegger Martin, 1889-1976.</subfield>
    <subfield code="9">57651</subfield>
  </datafield>
  <datafield tag="700" ind1="1" ind2=" ">
    <subfield code="a">Vattimo, Gianni,</subfield>
    <subfield code="d">1936-2023.</subfield>
    <subfield code="9">62648</subfield>
  </datafield>
  <datafield tag="830" ind1=" " ind2="0">
    <subfield code="a">Biblioteca di filosofia.</subfield>
    <subfield code="p">Testi ;</subfield>
    <subfield code="v">009.</subfield>
    <subfield code="9">62649</subfield>
  </datafield>
  <datafield tag="900" ind1="1" ind2=" ">
    <subfield code="d">1936-2023.</subfield>
  </datafield>
  <datafield tag="900" ind1="1" ind2=" ">
    <subfield code="d">1936-2023.</subfield>
  </datafield>
  <datafield tag="900" ind1="1" ind2=" ">
    <subfield code="d">1936-2023.</subfield>
  </datafield>
  <datafield tag="900" ind1="1" ind2=" ">
    <subfield code="d">1936-2023.</subfield>
  </datafield>
  <datafield tag="942" ind1=" " ind2=" ">
    <subfield code="2">ddc</subfield>
    <subfield code="c">BK</subfield>
  </datafield>
  <datafield tag="990" ind1="1" ind2="0">
    <subfield code="a">90001ad</subfield>
    <subfield code="b">70001ad</subfield>
  </datafield>
  <datafield tag="990" ind1="1" ind2="0">
    <subfield code="a">90002ad</subfield>
    <subfield code="b">70001ad</subfield>
  </datafield>
  <datafield tag="990" ind1="1" ind2="0">
    <subfield code="a">90003ad</subfield>
    <subfield code="b">70001ad</subfield>
  </datafield>
  <datafield tag="990" ind1="1" ind2="0">
    <subfield code="a">90004ad</subfield>
    <subfield code="b">70001ad</subfield>
  </datafield>
  <datafield tag="999" ind1=" " ind2=" ">
    <subfield code="c">360645</subfield>
    <subfield code="d">360645</subfield>
  </datafield>
  <datafield tag="952" ind1=" " ind2=" ">
    <subfield code="0">0</subfield>
    <subfield code="1">0</subfield>
    <subfield code="2">ddc</subfield>
    <subfield code="4">0</subfield>
    <subfield code="6">193HEI_MA_SA_PPV_23419</subfield>
    <subfield code="7">1</subfield>
    <subfield code="a">CINISELLO</subfield>
    <subfield code="b">CINISELLO</subfield>
    <subfield code="d">2025-10-22</subfield>
    <subfield code="l">0</subfield>
    <subfield code="o">193-HEi ma sa (ppv 23419)</subfield>
    <subfield code="p">9788842555070</subfield>
    <subfield code="r">2025-10-22 13:15:57</subfield>
    <subfield code="w">2025-10-22</subfield>
    <subfield code="y">BK</subfield>
  </datafield>
</record>
